| 000 | 00941cab a2200265 4500 | ||
|---|---|---|---|
| 001 | ABS49755 | ||
| 008 | 090401t1993 xxu||||| |||| 00| 0 eng d | ||
| 035 | _a(Sirsi) u72650 | ||
| 041 | _aeng | ||
| 100 | _aCatt, R. | ||
| 245 | _aTerrorism: a duty to protect | ||
| 260 | _c1993 | ||
| 350 | _a0 | ||
| 490 |
_aValuer (ISVA) _v62(10) December 1993, 12-13(2) |
||
| 520 | _aThe effects of terrorist bombs on buildings and staff can be reduced by good design and management practice. Warns of the liabilities imposed by health and safety legislation and insurance penalties which may result from failure to take precautions. | ||
| 650 | _aBOMB BLASTS | ||
| 650 | _aEXPLOSIONS | ||
| 650 |
_aHEALTH AND SAFETY _96244 |
||
| 650 | _aTERRORISM | ||
| 690 | _aBUILT ENVIRONMENT-CONSTRUCTION DESIGN | ||
| 690 | _aBUILT ENVIRONMENT-BUILDING STANDARDS | ||
| 690 | _aOFFICE SERVICES AND ADMINISTRATION | ||
| 942 | _n0 | ||
| 948 | _c04/03/1997 | ||
| 999 |
_c45924 _d45924 |
||